Finančná gramotnosť ako súčasť ekonomického vzdelávania recenzovaný zborník príspevkov z medzinárodnej vedeckej konferencie : Bratislava 3. októbra 2011
Guardado en:
| Autor Corporativo: | |
|---|---|
| Otros Autores: | , , |
| Formato: | Libro |
| Lenguaje: | eslovaco checo |
| Publicado: |
Bratislava
Katedra pedagogiky NHF EU
2011
|
| Materias: | |
| Etiquetas: |
Sin Etiquetas, Sea el primero en etiquetar este registro!
|
MARC
| LEADER | 00000nlm$a2200000$$$4500 | ||
|---|---|---|---|
| 001 | 0141737 | ||
| 005 | 20240604064655.1 | ||
| 020 | |a 978-80-225-3249-5 | ||
| 041 | 0 | |a slo | |
| 041 | 0 | |a cze | |
| 044 | |a SK | ||
| 245 | 1 | 0 | |a Finančná gramotnosť ako súčasť ekonomického vzdelávania |b recenzovaný zborník príspevkov z medzinárodnej vedeckej konferencie : Bratislava 3. októbra 2011 |
| 264 | 1 | |a Bratislava |b Katedra pedagogiky NHF EU |c 2011 | |
| 300 | |a CD-ROM | ||
| 610 | 2 | 0 | |a gramotnosť finančná |
| 610 | 2 | 0 | |a vzdelanie ekonomické |
| 610 | 2 | 0 | |a vyučovanie |
| 700 | 1 | |a Pasiar, Ladislav, 1984- | |
| 700 | 1 | |a Kontšek, Ján | |
| 700 | 1 | |a Šaulič, Ján | |
| 110 | 2 | |a Finančná gramotnosť ako súčasť ekonomického vzdelávania. Medzinárodná vedecká konferencia | |